Estatísticas para Jamaica

Clique aqui para jogar o quiz

Estatísticas Gerais

  • Esse quiz foi jogado 8 vezes
  • A pontuação média é 12 de 15

Estatísticas das Respostas

HintResposta% Correto
Onde fica?América do Norte
100%
Qual é o cantor jamaicano mais conhecido?Bob Marley
100%
Qual é a sua religião?Cristianismo
100%
Qual é o seu idioma?Inglês
100%
Qual é o seu código ISO?JAM
100%
Qual é a sua capital?Kingston
100%
Quais são as cores da bandeira?Preto, verde e amarelo
100%
De que país é independente?Reino Unido
100%
Qual é o seu tipo de clima?Tropical
100%
Que jamaicano é considerado o homem mais rápido do mundo?Usain Bolt
100%
Que estilo musical nasceu no país?Reggae
86%
Qual é a sua moeda?Dólar Jamaicano
71%
Em que mar fica a Jamaica?Mar das Caraíbas
29%
Qual é a bebida mais consumida?Rum
29%
Qual é o desporto mais popular?Críquete
14%

Distribuição das Pontuações

Percentil de Números Respondidos

Porcentagem de Pessoas com Cada Pontuação

Sua Pontuação Histórica

Você não jogou esse quiz